000 01215nam a22002775i 4500
001 163290
003 ES-MaACL
005 20250703063122.0
008 991116s1869 fr b |||| | fre d
040 _aCCPB | B
_bspa
_cCCPB | B
100 1 _aRenan, Ernest,
_d1823-1892
_eaut
_996168
245 1 0 _aSaint Paul /
_cpar Ernest Renan ; avec une carte des voyages de Saint Paul par M. Kiepert,.
260 _aParis :
_bMichel Lévy Frères, éditeurs,
_c1869 (
_fJ. Claye, imprimeur)
300 _a[4], LXXVII, 572 p., [1] h. de map. col. ;
_c23 cm.
490 1 _aHistoire des origines du christianisme. Livre troisième
599 _aLa h. de map. pleg. col. es calc.
600 0 4 _aPablo
_cSanto.
_988088
650 4 _aCristianismo-
_xHistoria.
_911430
700 1 1 _aKiepert, Heinrich,
_d1818-1899
_eclb
_9128452
830 0 _aHistoire des origines du christianisme. Livre troisième
_9222264
852 _aES-MaACL
_cDEPO2
_jF-7019
_xPasta española
852 _aES-MaACL
_cSVI
_gFirma autógrafa de Antonio Aura Boronat, Madrid 20 de diciembre 1869
_hDonativo de Antonio Aura Boronat
_jD-4998
_xHoolandesa
942 _2udc
_cMONANT
_n0
999 _c163290
_d163290